MARC
| LEADER | 00000cam a2200000 7i4500 | ||
|---|---|---|---|
| 001 | 0000004985 | ||
| 002 | 000005376 | ||
| 005 | 20000330.0 | ||
| 020 | |a 9836219455 | ||
| 090 | 0 | 0 | |a 370 |b WAN |
| 100 | 0 | |a Wan Mohd.Nor Wan Daud | |
| 245 | 1 | 0 | |a Penjelasan budaya ilmu |c Wan Mohd.Nor Wan Daud |
| 260 | |a Kuala Lumpur : |b DBP , |c 1991 | ||
| 300 | |a 180 P. ; |c 22 cm. | ||
| 650 | 0 | 0 | |a Education |
| 999 | |a 033542 |b BUKU |c PINJAMAN |e PERPUSTAKAAN KOMUNITI PETALING JAYA | ||